000 00435nam a2200181Ia 4500
001 22540
005 20260414150838.0
008 260414t2014||||xx |||||||||||||| ||spa||
041 _aESP
082 _a621.382
_bG75
100 _aGopi, E.S.
_eAUT
245 0 _aDigital speech processing using MATLAB
_b
260 _c2014
300 _axvi, 182 páginas :
_c24 cm.
650 _aTCA
654 _aCET
942 _cLIB
_dJUS
_fJUS
_2ddc
_n
999 _c22540
_d22540